000 00452nam a2200145Ia 4500
008 220217s9999||||xx |||||||||||||| ||und||
020 _a81-317-0781-4
082 _a621.381 5 AHE
100 _aAhern, Dennis, M. Clouse, Aaron, and Turner, Richard
_95507
245 0 _aCMMI destilled : a practical introduction integrated process
250 _a2nd
260 _aPearson education asia
_bNew Delhi
_c2007
300 _b299
650 _aCIRCUITRY
999 _c176505
_d176505